Pays qui finissent par le son "ni" (ordre alphabétique) - Statistiques

Statistiques générales
  • Ce quiz a été pris 120 fois
  • Le résultat moyen est 8 sur 15
Statistiques - réponses
Hint Réponse % Correct
Europe du Sud Albanie
80%
Europe du Nord Estonie
79%
Europe du Nord Lituanie
79%
Europe du Nord lettonie
78%
Europe Centrale Slovénie
63%
Asie Occidentale Arménie
62%
Asie du Sud-Est Birmanie
59%
Amérique du Nord Etats-Unis
54%
Asie occidentale Jordanie
53%
Afrique de l'Est Tanzanie
50%
Afrique du Nord-Ouest Mauritanie
49%
Afrique Australe Eswatini
43%
Moyen-Orient Emirats arabes unis
41%
Europe de l'Ouest Royaume-Uni
39%
Asie Centrale Turkménie
6%
Aucun quiz correspondant
Distribution des résultats
% des personnes avec chaque résultat
Percentile par nombre de réponses
Votre historique - résultats
Vous n’avez pas pris ce quiz